الادارة التعليمية (رقم التسجيلة. 21004)

تفاصيل مارك
000 -الفاتح
حقل البيانات ثابتة الطول 00667nam a22001937a 4500
003 - محدد رقم الضبط
رقم الضبط OSt
005 - وقت وتاريخ اخر تعامل مع التسجيلة
رقم الضبط 20150408114009.0
008 - عناصر البيانات ثابتة الطول - معلومات عامة
حقل البيانات ثابتة الطول 120312t xxu||||| |||| 00| 0 eng d
020 ## - الرقم الدولى المعيارى للكتب
الرقم الدولى المعيارى للكتاب 9789957820978
040 ## - مصدر الفهرسة
وكالة الفهرسة الأصلية mu
لغة الفهرسة ara
وكالة النسخ mb
082 ## - رقم تصنيف ديوى العشرى
رقم الطبعة 21
رقم التصنيف 371.2
رقم المادة ع ب ا
100 ## - المدخل الرئيسى - إسم شخصى
الإسم الشخصى عفونة ، بسام عبدالهادي
9 (RLIN) 9865
245 ## - بيان العنوان
العنوان الادارة التعليمية
بقية العنوان نظريات وتطبيقات
بيان المسئوليه,etc بسام عبدالهادي عفونة
260 ## - PUBLICATION, DISTRIBUTION, ETC. (IMPRINT)
مكان الناشر او الموزع عمان ، الاردن
اسم الناشر او الموزع دار البداية
تاريخ النشر أو التوزيع 2011
300 ## - الوصف المادى
التعداد 268 ص
أبعاد الوعاء 24 سم
650 ## - المدخل الاضافى بالموضوع-مصطلح موضوعى
مصطلح موضوعي أو اسم جغرافي كعنصر مدخل الادارة التعليمية
650 ## - المدخل الاضافى بالموضوع-مصطلح موضوعى
مصطلح موضوعي أو اسم جغرافي كعنصر مدخل الادارة التربوية
9 (RLIN) 9646
942 ## - عناصر المدخل الإضافي( كوها)
مصدر التصنيف او مخطط الترفيف Dewey Decimal Classification
Koha [default] item type كتاب
المقتنيات
حالة الفقد نموذج السعر الفعال حالة تلف ليس للاعارة رقم الطلب تاريخ الاكتساب الموقع الحالي الباركود الفرع الرئيسي Date last seen نوع المادة فى نظام كوها مصدر التصنيف او خطة الترفيف Total Checkouts
  2017-02-28     371.2 ع ب ا 2017-02-28 المكتبة المركزية بالمجمعة (CL) 00706059 المكتبة المركزية بالمجمعة (CL) 2017-02-28 كتاب Dewey Decimal Classification  
  2017-02-28     371.2 ع ب ا 2017-02-28 المكتبة المركزية بالمجمعة (CL) 00706060 المكتبة المركزية بالمجمعة (CL) 2017-02-28 كتاب Dewey Decimal Classification  
  2017-02-28     371.2 ع ب ا 2017-02-28 المكتبة المركزية بالمجمعة (CL) 00706061 المكتبة المركزية بالمجمعة (CL) 2017-02-28 كتاب Dewey Decimal Classification  
  2013-03-10     371.2 ع ب ا 2012-03-12 مكتبة كلية العلوم و الدراسات الإنسانية برماح - طلاب (SRM) 00075939 مكتبة كلية العلوم و الدراسات الإنسانية برماح - طلاب (SRM) 2013-03-10 كتاب Dewey Decimal Classification  
  2013-03-10     371.2 ع ب ا 2012-03-12 مكتبة كلية العلوم و الدراسات الإنسانية برماح - طلاب (SRM) 00075938 مكتبة كلية العلوم و الدراسات الإنسانية برماح - طلاب (SRM) 2013-03-10 كتاب Dewey Decimal Classification  
  2013-03-10     371.2 ع ب ا 2012-03-12 مكتبة كلية العلوم و الدراسات الإنسانية برماح - طلاب (SRM) 00075937 مكتبة كلية العلوم و الدراسات الإنسانية برماح - طلاب (SRM) 2013-03-10 كتاب Dewey Decimal Classification  
  2013-03-10     371.2 ع ب ا 2012-03-12 مكتبة كلية العلوم و الدراسات الإنسانية برماح - طلاب (SRM) 00075936 مكتبة كلية العلوم و الدراسات الإنسانية برماح - طلاب (SRM) 2013-03-10 كتاب Dewey Decimal Classification  
  2013-03-10     371.2 ع ب ا 2012-03-12 مكتبة كلية العلوم و الدراسات الإنسانية برماح - طلاب (SRM) 00075934 مكتبة كلية العلوم و الدراسات الإنسانية برماح - طلاب (SRM) 2013-03-10 كتاب Dewey Decimal Classification